LEADER 00980nas a2200229 4500 001 000000352585 003 CaOOAMICUS 005 20221228125721.0 008 221228c20179999be uu 0 0eng r 022 $a2565-9138 040 $aSeMil$bita 245 00$aCorpus fontium manichaeorum. Series sinica$h[generale di collana]. 264 1$aTurnhout :$bBrepols,$c2017- 300 $av. ;$c31 cm 362 0 $a2017- 830 0$aCorpus Fontium Manichaeorum. Series Sinica.$0(OLS)http://semarc/title/439402 850 $aSeMil 852 $aSeMil$W1$xVenegono$y1$mVedi "Titolo uniforme di collana" per le collocazioni dei singoli volumi$j222888$qSottoscrizione meritevole$B243803$CSeMilBibl$Z2$F243803 $81 996 $6022$a2565-9138$9(OLS)http://semarc/number/297370 996 $6245$aCorpus fontium manichaeorum. Series sinica$h[generale di collana]$9(OLS)http://semarc/title/442470 996 $6264$aTurnhout :$bBrepols$9(OLS)http://semarc/publisher/29626 LEADER 00876nam a2200241 i 4500 001 000000189364 003 CaOOAMICUS 005 20150330000000.0 008 150330s1925 it u000 u ita u 013 $a167637 040 $aSeMil$bita 100 1 $aMoretti, Marino,$d<1885-1979>.$0(OLS)http://semarc/name/6806 245 10$aMia madre /$cMarino Moretti ; con prefazione di Alfredo Panzin. 260 $aMilano :$bTreves,$c1925. 300 $aXII, 284 p. ;$c18 cm. 500 $aFondo card. Giovanni Colombo. 700 1 $aPanzin, Alfredo.$0(OLS)http://semarc/name/69305 850 $aSeMil 852 $aSeMil$W1$xVenegono$y1$m3GC I 309$j139995$B139995$CSeMilBibl$Z2$F151599 $8B 941 1 $a3 961 $aLascito: Colombo Card. Giovanni 996 $6245$aMia madre$9(OLS)http://semarc/title/268483 996 $6260$aMilano :$bTreves$9(OLS)http://semarc/publisher/30435